Pier Vittorio Tondelli /
Gardado en:
| Outros autores: | , |
|---|---|
| Formato: | Libro |
| Idioma: | Lingua italiana |
| Publicado: |
Milano :
Bompiani,
1992
|
| Subjects: | |
| Tags: |
Sen Etiquetas, Sexa o primeiro en etiquetar este rexistro!
|
MARC
| LEADER | 00000nam a22000007ib4500 | ||
|---|---|---|---|
| 001 | IT\ICCU\REA\0020715 | ||
| 003 | ItRI | ||
| 005 | 20260220112918.0 | ||
| 008 | 930113s1992 it |||||| ||||| |||||c | ||
| 020 | |a 8845219585 | ||
| 040 | |b ita |c Arcigay Viterbo | ||
| 041 | 7 | |a ita |2 ISO-639-2 | |
| 082 | |a 853.914 |2 20 | ||
| 245 | 0 | 0 | |a Pier Vittorio Tondelli / |c scritti di] Agosti ... et al.]. |
| 260 | |a Milano : |b Bompiani, |c 1992 | ||
| 300 | |a 371 p. : |b ill. ; |c 21 cm | ||
| 500 | |a Tit. della cop. | ||
| 650 | 7 | |a Tondelli, Pier Vittorio | |
| 700 | 1 | |a Tondelli, Pier Vittorio |0 IT\ICCU\CFIV\016813 | |
| 700 | 1 | |a Agosti, Giovanni, |d (1961- ) |0 IT\ICCU\CFIV\017292 | |
| 773 | 0 | |w IT\ICCU\VEA\0010618 |t Panta |g 9 | |
| 942 | |2 ddc |c BK |n 0 | ||
| 952 | |0 0 |1 0 |2 ddc |4 0 |6 P__31_000000000000000 |7 0 |9 9780 |a VT |b VT |d 2025-10-21 |e Deposito Giordano Piccirilli |i PIC25 |l 0 |o P.31 |p PIC25 |r 2025-10-21 17:04:46 |w 2025-10-21 |y BK |z Deposito Giordano Piccirilli | ||
| 952 | |0 0 |1 0 |4 0 |6 DOC_858_914000000000000_PAN |7 0 |9 15939 |a BO |b BO |d 2026-01-15 |i 16175 |l 0 |o DOC 858.914 PAN |p BO16175 |r 2026-01-15 23:19:12 |w 2026-01-15 |x [Sebina 5] [1 v.] |y BK |z 1 v. (2. copia) | ||
| 952 | |0 0 |1 0 |4 0 |6 DOC_858_914000000000000_PAN |7 0 |9 15940 |a BO |b BO |d 2026-01-15 |i 2999 |l 0 |o DOC 858.914 PAN |p BO2999 |r 2026-01-15 23:19:12 |w 2026-01-15 |x [Sebina 5] [1 v.] |y BK |z 1 v. | ||
| 999 | |c 8157 |d 8157 | ||